Reklama a bezpečnosť detí

Vplyv reklamy na psychiku detí. Prieskumy ukázali, že deti sú využívané na to, aby prostredníctvom nich bolo ovplyvnené nákupné správanie rodičov. Je to neetické. Je potrebné sa proti tomu brániť využívaním existujúcich zákonov a predpisov. Právna úprava reklamy na Slovensku a v EÚ.

Guardado en:
Detalles Bibliográficos
Autor principal: Mlákay, Jozef
Formato: Capítulo de libro
Lenguaje:eslovaco
Materias:
Etiquetas: Agregar Etiqueta
Sin Etiquetas, Sea el primero en etiquetar este registro!

MARC

LEADER 00000naa$a2200000$$$4500
001 0098607
005 20240502072105.1
041 0 |a slo 
044 |a SK 
245 1 0 |a Reklama a bezpečnosť detí  |c Jozef Mlákay 
520 |a Vplyv reklamy na psychiku detí. Prieskumy ukázali, že deti sú využívané na to, aby prostredníctvom nich bolo ovplyvnené nákupné správanie rodičov. Je to neetické. Je potrebné sa proti tomu brániť využívaním existujúcich zákonov a predpisov. Právna úprava reklamy na Slovensku a v EÚ. 
610 2 0 |a reklama 
610 2 0 |a taktika reklamy 
610 2 0 |a deti 
610 2 0 |a bezpečnosť 
610 2 0 |a etika 
610 2 0 |a úpravy právne 
100 1 |a Mlákay, Jozef